| 000 | 00986nam a22003495b 4500 | ||
|---|---|---|---|
| 001 | 00427340 | ||
| 003 | DO-SdBPM | ||
| 005 | 20250527105722.0 | ||
| 007 | 00427340 | ||
| 008 | 950111s1994 sp | |||| ||spa | ||
| 017 |
_a _b |
||
| 020 | _a8420646334 | ||
| 035 | _a | ||
| 040 |
_aDO-SdBPM _bspa _cBPMSU _e |
||
| 041 | 1 |
_a _h |
|
| 080 | 0 | _a | |
| 082 | 4 |
_a849.93 _bR695m 1994 _222 |
|
| 100 | 1 |
_aRodoreda, Mercè, _d1909-1983. |
|
| 240 | 1 | 3 |
_aLa meva Cristina i altres contes / _lespañol _k |
| 245 | 1 | 0 |
_aMi Cristina : _bel mar / _cMercé Rodoreda ; traducción José Batló. _h |
| 260 |
_aMadrid : _bAlianza Editorial, _c1994. |
||
| 300 |
_a59 p. ; _c15 cm. |
||
| 490 | 0 |
_aAlianza cien, _v33 |
|
| 590 | _aInventariado, 2025/VM | ||
| 650 | 4 | _aCuentos catalanes | |
| 650 | 4 |
_aEmociones _vCuentos. |
|
| 650 | 4 |
_aOcéano _vCuentos. |
|
| 700 | 1 |
_aBatlló, José, _d1939- |
|
| 740 | 3 | 1 | _aEl mar. |
| 910 | _aVMateo V. Control de calidad. BPMSU | ||
| 942 |
_2ddc _cBK |
||
| 999 |
_c10015 _d10015 |
||